Histoire d'Aristarque de Samos : suivie de la traduction de son ouvrage sur les distances du soleil et de la lune : de l'histoire de ceux qui ont porté le nom d'Aristarque avant Aristarque de Samos ... /
| Main Author: | |
|---|---|
| Other Authors: | |
| Format: | Microform Book |
| Language: | French Greek, Ancient (to 1453) Latin |
| Published: |
Paris :
Chez Madame Veuve Duminil-Lesueur,
1810.
|
| Series: | Landmarks II Monographs.
|
| Subjects: |
MARC
| Tag | First Indicator | Second Indicator | Subfields |
|---|---|---|---|
| LEADER | 00000cam a2200000 a 4500 | ||
| 001 | in00001237894 | ||
| 005 | 20151003061149.0 | ||
| 007 | he bm||||b|c| | ||
| 008 | 930305s1810 fr bb 001 0 fre d | ||
| 035 | |a (OCoLC)27671344 | ||
| 035 | |9 AGS3692AM | ||
| 040 | |a UGT |c UGT |d TXA |d UtOrBLW | ||
| 041 | 0 | |a fre |a grc |a lat | |
| 049 | |a TXAI | ||
| 090 | |a Q111 |b .H35 |a QB21 | ||
| 099 | |a fiche |a C |a 9399 no.291 | ||
| 100 | 1 | |a Fortia d'Urban, Agricole Joseph François Xavier Pierre Esprit Simon Paul Antoine, |c marquis de, |d 1756-1843. | |
| 245 | 1 | 0 | |a Histoire d'Aristarque de Samos : |b suivie de la traduction de son ouvrage sur les distances du soleil et de la lune : de l'histoire de ceux qui ont porté le nom d'Aristarque avant Aristarque de Samos ... / |c par M. de F****. |
| 264 | 1 | |a Paris : |b Chez Madame Veuve Duminil-Lesueur, |c 1810. | |
| 300 | |a 2 volumes (248, 463 pages) | ||
| 336 | |a text |b txt |2 rdacontent | ||
| 337 | |a microform |b h |2 rdamedia | ||
| 338 | |a microfiche |b he |2 rdacarrier | ||
| 500 | |a "Courtesy of the History of Science Collections, the University of Oklahoma." | ||
| 500 | |a Includes half-title. | ||
| 500 | |a First book contains side-by-side text of Greek and Latin; second book is in French. | ||
| 504 | |a Includes bibliographical references. | ||
| 533 | |a Microfiche. |b New Canaan, Conn. : |c Readex Microprint, |d [1987] |e 13 microfiches ; 11 x 15 cm. |f (Landmarks II. Monographs) | ||
| 539 | |a s |b 1987 |d ctu |e n | ||
| 500 | |a Microform. | ||
| 650 | 0 | |a Astronomy, Greek |x History. | |
| 700 | 0 | |a Aristarchus, |c of Samos. | |
| 830 | 0 | |a Landmarks II Monographs. | |
| 999 | |a MARS | ||
| 999 | f | f | |s d2c23bc4-aa9f-3952-bfc3-1237d15305ba |i beddd9b0-5c05-33f1-b9eb-30d98a8e14ec |t 0 |
| 952 | f | f | |p normal |a Texas A&M University |b College Station |c Sterling C. Evans Library |d Evans: Microforms (3rd floor) |t 0 |e fiche C 9399 no.291 |h Other scheme |i microform -- microfiche |m A14822767798 |
| 998 | f | f | |a fiche C 9399 no.291 |t 0 |l Evans: Microforms (3rd floor) |